000 02024 a2200277 4500
001 2162214035926770
003 UA-OsUOA
005 20260504115726.0
008 260430b -ura|||| |||| 00| f rus d
040 _aUA-OsUOA
_brus
_cUA-OsUOA
_dUA-OsUOA
041 _arus
080 _a821.161.1(492)
090 _a821.161.1(492)
_bC56
245 _aСовременный нидерландский детектив
_cВ. Х. ван Эмланд, Вилли Корсари, А. Лауренс-Кооп ; пер. с нидерл., послесл. С. Белова
_bсборник
260 _aМосква
_bРадуга
_c1983
300 _a432 с.
520 _aПопулярный жанр детектива давно и успешно разрабатывается в нидерландской литературе. Признанным мастером этого жанра является В. Х. ван Эмландт. В сборник включен его роман "Коварный лед", разоблачается мнимость, обманчевость буржуазной респектабельности. В небольшом романе Вилли Кормари юный герой расследует загадочные обстоятельства гибели своей матери. А. Лауренс-Кооп представляет сегодняшний день нидерландского детектива: ее роман "Главный свидетель - кошка" проблемам современной молодежи.
650 _a821 Художня література окремими мовами і мовними сім'ями
_917
700 1 _aван Эмланд В. Х.
_925151
700 1 _aКорсари В.
_925152
700 1 _aЛауренс-Кооп А.
_925153
700 1 _aБелов С.
_925154
942 _cBK
_2udc
955 _a3
999 _c580630
_d580630